Language Quiz

Random Language or Letter Quiz

2 Words, Same 5 Letters II Quiz Stats

 Plays Quiz Updated Oct 9, 2014

Challenge
Share
Tweet
Embed
Score 0/35 Timer 06:00
1 Play Today
5-Letter Word Anagram % Correct
wellsswell
98.1%
norththorn
89.7%
knapsspank
86.5%
egretgreet
83.3%
bogleglobe
81.7%
plebebleep
77.5%
librabrail
77.4%
ulnarlunar
73%
denimmined
72.9%
qualeequal
70.5%
gelidglide
69.7%
gimpypigmy
69.3%
zoneddozen
67%
loyalalloy
66.6%
chinachain
59.8%
oleosloose
58.4%
friedfired
54.3%
juntajaunt
53.6%
5-Letter Word Anagram % Correct
soweddowse
43.6%
voilaviola
40.7%
bidetdebit
38.7%
omitsmoist
36.9%
gothsghost
33.8%
ovalssalvo
32.6%
beausabuse
31.1%
unlituntil
30.1%
exaltlatex
28.8%
nitrointro
27.4%
borneboner
25.1%
throeother
24.8%
nixedindex
20.8%
runesnurse
20.6%
cloudcould
17.9%
trouttutor
16.1%
moraymayor
15.7%

You're not logged in!

Compare scores with friends on all Sporcle quizzes.
Join for Free
OR
Log In

You Might Also Like...

Show Comments

Extras

Top Quizzes Today


Score Distribution

Your Account Isn't Verified!

In order to create a playlist on Sporcle, you need to verify the email address you used during registration. Go to your Sporcle Settings to finish the process.

Report this User

Report this user for behavior that violates our Community Guidelines.

Details: